banner-ar

ستة من رواد الكشف الجغرافى / (Record no. 46016)

MARC details
000 -الفاتح
حقل البيانات ثابتة الطول 00736nam a2200253Ia 4500
008 - عناصر البيانات ثابتة الطول - معلومات عامة
حقل البيانات ثابتة الطول 140319s9999 xx 000 0 ara d
040 ## - مصدر الفهرسة
وكالة الفهرسة الأصلية GCL /
وكالة النسخ GCL
082 04 - رقم تصنيف ديوى العشرى
رقم التصنيف 92.071
رقم المادة و س
100 1# - المدخل الرئيسى - إسم شخصى
الإسم الشخصى رمزى حليم يس
245 10 - بيان العنوان
العنوان ستة من رواد الكشف الجغرافى /
بيان المسئوليه,etc رمزى حليم يس
700 1# - المدخل الاضافى - اسم شخصى
الإسم الشخصى ولتن , جون
700 1# - المدخل الاضافى - اسم شخصى
الإسم الشخصى التن, جون
300 ## - الوصف المادى
التعداد 83
490 ## - بيان السلسلة
عنوان السلسلة الالف كتاب
رقم المجلد/ التعيين التسلسلي 0
650 04 - المدخل الاضافى بالموضوع-مصطلح موضوعى
مصطلح موضوعي الجغرافيون
650 04 - المدخل الاضافى بالموضوع-مصطلح موضوعى
مصطلح موضوعي كولمبس , كرستوفر
650 04 - المدخل الاضافى بالموضوع-مصطلح موضوعى
مصطلح موضوعي كابتن كوك
650 04 - المدخل الاضافى بالموضوع-مصطلح موضوعى
مصطلح موضوعي بولو, ماركو
650 04 - المدخل الاضافى بالموضوع-مصطلح موضوعى
مصطلح موضوعي كابتن استيرت
650 04 - المدخل الاضافى بالموضوع-مصطلح موضوعى
مصطلح موضوعي دكتور لفنصبتون
650 04 - المدخل الاضافى بالموضوع-مصطلح موضوعى
مصطلح موضوعي كابتن سكوت
942 ## - عناصر المدخل الإضافي( كوها)
مصدر التصنيف او مخطط الترفيف Dewey Decimal Classification
Koha [default] item type كتاب
Holdings
حالة التراجع حالة الفقد حالة تلف ليس للاعارة المكان المؤقت الموقع الحالى تاريخ الاكتساب اجمالي اﻻعارات رقم الطلب الباركود تاريخ اخر مشاهدة تاريخ تفعيل السعر نوع وعاء كوها
        مكتبة القاهرة الكبرى مكتبة القاهرة الكبرى 03/26/2014   92.071\و س 112115 03/26/2014 03/26/2014 كتاب

Powered By

EGPV